<?xml version="1.0" encoding="UTF-8"?>
<collection xmlns="http://www.loc.gov/MARC21/slim">
<record>
  <controlfield tag="001">167850</controlfield>
  <controlfield tag="005">20260121151419.0</controlfield>
  <datafield tag="024" ind1="7" ind2=" ">
    <subfield code="2">doi</subfield>
    <subfield code="a">10.1016/j.radmeas.2010.11.008</subfield>
  </datafield>
  <datafield tag="024" ind1="8" ind2=" ">
    <subfield code="2">sideral</subfield>
    <subfield code="a">140458</subfield>
  </datafield>
  <datafield tag="037" ind1=" " ind2=" ">
    <subfield code="a">ART-2011-140458</subfield>
  </datafield>
  <datafield tag="041" ind1=" " ind2=" ">
    <subfield code="a">eng</subfield>
  </datafield>
  <datafield tag="100" ind1=" " ind2=" ">
    <subfield code="a">Navas, A.</subfield>
    <subfield code="u">Universidad de Zaragoza</subfield>
    <subfield code="0">(orcid)0000-0002-4724-7532</subfield>
  </datafield>
  <datafield tag="245" ind1=" " ind2=" ">
    <subfield code="a">Spatial distribution of natural and artificial radionuclides at the catchment scale (South Central Pyrenees)</subfield>
  </datafield>
  <datafield tag="260" ind1=" " ind2=" ">
    <subfield code="c">2011</subfield>
  </datafield>
  <datafield tag="520" ind1="3" ind2=" ">
    <subfield code="a">Natural and artificial gamma-emitting radionuclides (238U, 226Ra, 232Th, 210Pb, 40K, and 137Cs) were measured in the soils of a small catchment in the Central Pyrenees, Spain. The study was carried out in a mountainous area that was representative of the Tertiary Flysch landscapes in the Southern Pyrenees. Bulk soil cores (n ¼ 77) were collected at the intersections of a 200  200-m grid established in the Arnás River Catchment. Mean radioisotope activities (Bq kg1) were 40 (238U), 27 (226Ra), 35 (232Th), 74 (210Pb), 48 (210Pbex), 590 (40K), and 31 (137Cs). The 210Pb and 137Cs exhibited the greatest variability, whereas 226Ra and 40K showed the least spatial variation. The relationships between basic soil properties and radionuclide activities indicate that only the radionuclides, 210Pbex and 137Cs, that are fixed to the fine fraction of the soil are directly correlated with the organic matter content, whereas the natural radionuclides are inversely correlated with the carbonate content. GIS and geospatial interpolations revealed patterns in the spatial concentrations of radionuclides and indicated important differences in their distributions showing the different behaviour of natural and fallout-derived radionuclides. The radionuclide spatial patterns were strongly correlated with physiographic features such as gradient, orientation, and vegetation cover of the slopes. Within the catchment, the least vegetated and steepest slopes had the lowest radionuclide activities, which suggest that physical processes such as erosion are primary factors in the mobilization of radionuclides in association with soil particles. The results provide insights into the main factors that have affected the spatial distribution of radionuclides in the soils of the catchment, which improves our knowledge of the behaviour of radionuclides in the environment and can lead to a better comprehension of the factors that affect their mobility within ecosystems.</subfield>
  </datafield>
  <datafield tag="540" ind1=" " ind2=" ">
    <subfield code="9">info:eu-repo/semantics/closedAccess</subfield>
    <subfield code="a">All rights reserved</subfield>
    <subfield code="u">http://www.europeana.eu/rights/rr-f/</subfield>
  </datafield>
  <datafield tag="590" ind1=" " ind2=" ">
    <subfield code="a">1.177</subfield>
    <subfield code="b">2011</subfield>
  </datafield>
  <datafield tag="591" ind1=" " ind2=" ">
    <subfield code="a">NUCLEAR SCIENCE &amp; TECHNOLOGY</subfield>
    <subfield code="b">13 / 35 = 0.371</subfield>
    <subfield code="c">2011</subfield>
    <subfield code="d">Q2</subfield>
    <subfield code="e">T2</subfield>
  </datafield>
  <datafield tag="655" ind1=" " ind2="4">
    <subfield code="a">info:eu-repo/semantics/article</subfield>
    <subfield code="v">info:eu-repo/semantics/publishedVersion</subfield>
  </datafield>
  <datafield tag="700" ind1=" " ind2=" ">
    <subfield code="a">Gaspar, L.</subfield>
  </datafield>
  <datafield tag="700" ind1=" " ind2=" ">
    <subfield code="a">López-Vicente, M.</subfield>
    <subfield code="0">(orcid)0000-0002-6379-8844</subfield>
  </datafield>
  <datafield tag="700" ind1=" " ind2=" ">
    <subfield code="a">Machín, J.</subfield>
  </datafield>
  <datafield tag="710" ind1="2" ind2=" ">
    <subfield code="1">2000</subfield>
    <subfield code="2">427</subfield>
    <subfield code="a">Universidad de Zaragoza</subfield>
    <subfield code="b">Dpto. Ciencias de la Tierra</subfield>
    <subfield code="c">Área Geodinámica Externa</subfield>
  </datafield>
  <datafield tag="773" ind1=" " ind2=" ">
    <subfield code="g">46, 2 (2011), 261-269</subfield>
    <subfield code="p">Radiat. meas.</subfield>
    <subfield code="t">RADIATION MEASUREMENTS</subfield>
    <subfield code="x">1350-4487</subfield>
  </datafield>
  <datafield tag="856" ind1="4" ind2=" ">
    <subfield code="s">921424</subfield>
    <subfield code="u">http://zaguan.unizar.es/record/167850/files/texto_completo.pdf</subfield>
    <subfield code="y">Versión publicada</subfield>
  </datafield>
  <datafield tag="856" ind1="4" ind2=" ">
    <subfield code="s">2696805</subfield>
    <subfield code="u">http://zaguan.unizar.es/record/167850/files/texto_completo.jpg?subformat=icon</subfield>
    <subfield code="x">icon</subfield>
    <subfield code="y">Versión publicada</subfield>
  </datafield>
  <datafield tag="909" ind1="C" ind2="O">
    <subfield code="o">oai:zaguan.unizar.es:167850</subfield>
    <subfield code="p">articulos</subfield>
    <subfield code="p">driver</subfield>
  </datafield>
  <datafield tag="951" ind1=" " ind2=" ">
    <subfield code="a">2026-01-21-14:54:52</subfield>
  </datafield>
  <datafield tag="980" ind1=" " ind2=" ">
    <subfield code="a">ARTICLE</subfield>
  </datafield>
</record>
</collection>